West Virginia's 50 original counties - Statistics

General Stats
  • This quiz has been taken 2 times
  • The average score is 21 of 50
Answer Stats
Answer % Correct
Kanawha
100%
Berkeley
50%
Boone
50%
Braxton
50%
Cabell
50%
Calhoun
50%
Clay
50%
Doddridge
50%
Fayette
50%
Gilmer
50%
Hampshire
50%
Hancock
50%
Hardy
50%
Jackson
50%
Jefferson
50%
Logan
50%
Marion
50%
Marshall
50%
Mason
50%
McDowell
50%
Mercer
50%
Monongalia
50%
Monroe
50%
Morgan
50%
Nicholas
50%
Ohio
50%
Pendleton
50%
Pleasants
50%
Pocahontas
50%
Preston
50%
Putnam
50%
Raleigh
50%
Randolph
50%
Ritchie
50%
Tucker
50%
Wayne
50%
Wetzel
50%
Wirt
50%
Wood
50%
Wyoming
50%
Barber
0%
Brooke
0%
Greenbrier
0%
Harrison
0%
Lewis
0%
Roane
0%
Taylor
0%
Tyler
0%
Upsher
0%
Webster
0%
No matching quizzes found
Score Distribution
Percent of People with Each Score
Percentile by Number Answered
Your Score History
You have not taken this quiz